000
00255nam a2200097Ia 4500
001
1221370
005
20250827092828.0
008
250824s9999 xx 000 0 und d
245
0
_a
EN GÜZEL İSİMLER ALLAHINDIR
_c
UĞUR KOŞAR
260
_b
DESTEK YAYINLARI
999
_c
1221370
_d
1221370